Elementary Algebra

Bibliographic Details
Main Author: Carson, Tom
Format: Section = Libro
Language:Undetermined
Spanish
Published: Boston Addison/Wesley 2007
Edition:2a.ed.
Subjects:
LEADER 00502nam a2200217Ia 4500
008 240829s9999 xx 000 0 und d
020 |a 0-321-36853-3 
040 |a BIBLIOTECA-RUSB/ 512 C321 
041 |a spa 
082 |a 512 C321 
100 1 |a Carson, Tom 
245 1 0 |a Elementary Algebra 
250 |a 2a.ed. 
260 |a Boston  |b Addison/Wesley  |c 2007 
300 |a 844 p. :il. 
650 7 |a ALGEBRA 
650 7 |b  INTEGRALES 
650 7 |c  ECUACIONES 
942 |c BK  |2 ddc 
991 |a TEXTO 
999 |c 1360